[Event "39th Olympiad Women"]
[Site "Khanty-Mansiysk RUS"]
[Date "2010.09.24"]
[Round "4"]
[White "Pourkashiyan, Atousa"]
[Black "Pogonina, Natalija"]
[Result "1-0"]
[WhiteTitle "WGM"]
[BlackTitle "WGM"]
[WhiteElo "2322"]
[BlackElo "2491"]
[Board "8.1"]
[WhiteTeam "IRI"]
[BlackTeam "RUS2"]
[WhiteFideId "12502014"]
[BlackFideId "4147855"]
[EventDate "2010.09.21"]
[EventType "team"]

1. e4 c5 2. Nf3 d6 3. d4 cxd4 4. Nxd4 Nf6 5. Nc3 g6 6. Bc4 Bg7 7. O-O O-O 8. Re1
Nc6 9. h3 Bd7 10. Bb3 a6 11. Bg5 Re8 12. Nf3 Rc8 13. Qd2 Na5 14. Rad1 Nxb3 15.
axb3 Bc6 16. Nd5 Bxd5 17. exd5 b5 18. b4 Qc7 19. c3 Qb7 20. Nh2 Qd7 21. Bxf6
exf6 22. Nf3 Qb7 23. Qf4 Rxe1+ 24. Nxe1 Qe7 25. Nf3 f5 26. Re1 Qd7 27. Ra1 Ra8
28. Nd4 Be5 29. Qd2 f4 30. Qd3 Bxd4 31. Qxd4 Qf5 32. Re1 Qc2 33. Qxf4 Qxb2 34.
Re7 Rf8 35. Rc7 Qb1+ 36. Kh2 Qa2 37. Qxd6 Qxf2 38. Qe5 Qf5 39. Qxf5 gxf5 40. d6
Kg7 41. Ra7 Kf6 42. Rxa6 Rb8 43. Ra7 Rd8 44. Rb7 Rxd6 45. Rxb5 Rd2 46. Rc5 f4
47. Kg1 Kg6 48. b5 Rb2 49. c4 f5 50. h4 h6 51. Kf1 Kh5 52. Rxf5+ Kg4 53. Rf6 Rb4
54. Rg6+ Kf5 55. Rc6 Ke4 56. b6 Ke3 57. Kg1 Rb1+ 58. Kh2 h5 59. c5 Rb2 60. Rf6
Rb5 61. c6 Rxb6 62. c7 1-0

[Event "39th Olympiad Women"]
[Site "Khanty-Mansiysk RUS"]
[Date "2010.09.24"]
[Round "4"]
[White "Ghader Pour, Shayesteh"]
[Black "Savina, Anastasia"]
[Result "0-1"]
[WhiteTitle "WIM"]
[BlackTitle "WGM"]
[WhiteElo "2206"]
[BlackElo "2404"]
[Board "8.3"]
[WhiteTeam "IRI"]
[BlackTeam "RUS2"]
[WhiteFideId "12500747"]
[BlackFideId "4196872"]
[EventDate "2010.09.21"]
[EventType "team"]

1. e4 c5 2. Nf3 Nc6 3. d4 cxd4 4. Nxd4 e5 5. Nb5 d6 6. N1c3 a6 7. Na3 b5 8. Nd5
Nce7 9. c4 bxc4 10. Bxc4 Be6 11. O-O Nxd5 12. Bxd5 Bxd5 13. Qxd5 Ne7 14. Qd3 d5
15. f4 dxe4 16. Qxe4 Qd4+ 17. Qxd4 exd4 18. Re1 O-O-O 19. Bd2 Nc6 20. Rac1 Kb7
21. Nc4 Bd6 22. Nxd6+ Rxd6 23. Rc4 Rc8 24. Kf1 Rdd8 25. Ke2 Re8+ 26. Kd3 Rxe1
27. Bxe1 g5 28. Rc5 gxf4 29. Rf5 Rg8 30. Rxf7+ Kb6 31. Rxf4 Rxg2 32. Rf2 Rg4 33.
Re2 Kc5 34. Re6 Kd5 35. Rh6 Rg2 36. Bd2 Ne5+ 37. Kc2 Nf3 38. Rxh7 Rxd2+ 39. Kb3
Rxh2 0-1

[Event "39th Olympiad Women"]
[Site "Khanty-Mansiysk RUS"]
[Date "2010.09.24"]
[Round "4"]
[White "Bodnaruk, Anastasia"]
[Black "Hakimifard, Ghazal"]
[Result "1-0"]
[WhiteTitle "IM"]
[BlackTitle "WFM"]
[WhiteElo "2399"]
[BlackElo "2173"]
[Board "8.4"]
[WhiteTeam "RUS2"]
[BlackTeam "IRI"]
[WhiteFideId "4181751"]
[BlackFideId "12506540"]
[EventDate "2010.09.21"]
[EventType "team"]

1. e4 c5 2. Nc3 e6 3. Nge2 a6 4. g3 b5 5. Bg2 Bb7 6. O-O b4 7. Na4 Nf6 8. e5
Bxg2 9. Kxg2 Nd5 10. c4 Nb6 11. Nxb6 Qxb6 12. b3 Nc6 13. Bb2 Be7 14. f4 Qb8 15.
d4 cxd4 16. Nxd4 O-O 17. Nxc6 dxc6 18. Qe2 Qa7 19. f5 exf5 20. Rxf5 Qd7 21. Raf1
Qe6 22. Qf2 a5 23. Re1 Rfe8 24. Rf1 Rf8 25. Re1 Rfe8 26. Rf3 Rad8 27. Qe2 Bg5
28. Rd1 f6 29. h4 Bh6 30. Rxd8 Rxd8 31. Rd3 Re8 32. c5 fxe5 33. Qe4 Qf7 34. Rd1
Rf8 35. Bxe5 Qf2+ 36. Kh3 Be3 37. Qg4 Qf7 38. h5 h6 39. Bd6 Re8 40. Re1 Kh8 41.
Qe2 Qf5+ 42. Kg2 Re4 43. Qf3 Qd5 44. Bf4 Rxf4 45. gxf4 Bxc5 46. Qxd5 cxd5 47.
Kf3 d4 48. Re5 Bb6 49. Rb5 Bc7 50. Ke4 d3 51. Rd5 1-0

[Event "39th Olympiad Women"]
[Site "Khanty-Mansiysk RUS"]
[Date "2010.09.24"]
[Round "4"]
[White "Medic, Mirjana"]
[Black "Mkrtchian, Lilit"]
[Result "0-1"]
[WhiteTitle "WGM"]
[BlackTitle "IM"]
[WhiteElo "2264"]
[BlackElo "2484"]
[Board "9.2"]
[WhiteTeam "CRO"]
[BlackTeam "ARM"]
[WhiteFideId "14501619"]
[BlackFideId "13300601"]
[EventDate "2010.09.21"]
[EventType "team"]

1. d4 Nf6 2. c4 e6 3. Nc3 Bb4 4. Qc2 c5 5. dxc5 Qc7 6. e3 a6 7. Nf3 Bxc5 8. Bd3
b6 9. O-O Bb7 10. e4 Nc6 11. a3 Ng4 12. Ne2 Nce5 13. Nxe5 Nxe5 14. Bf4 Bd6 15.
Bxe5 Bxe5 16. f4 Bd6 17. b4 a5 18. Rab1 axb4 19. axb4 Bxb4 20. Kh1 Bc5 21. Nc3
f6 22. Nb5 Qc6 23. Qe2 O-O 24. Rf3 f5 25. e5 Ra5 26. Rg3 g6 27. h4 Rfa8 28. Nc3
Ra3 29. Nd1 Ra2 30. Rb2 Rxb2 31. Qxb2 Qa4 32. Qc2 Qxc2 33. Bxc2 Ra2 34. Bb3 Rd2
35. h5 Kg7 36. hxg6 hxg6 37. Kh2 Rd4 38. Ba4 b5 0-1

[Event "39th Olympiad Women"]
[Site "Khanty-Mansiysk RUS"]
[Date "2010.09.24"]
[Round "4"]
[White "Galojan, Lilit"]
[Black "Franciskovic, Borka"]
[Result "1/2-1/2"]
[WhiteTitle "IM"]
[BlackTitle "WIM"]
[WhiteElo "2373"]
[BlackElo "2282"]
[Board "9.3"]
[WhiteTeam "ARM"]
[BlackTeam "CRO"]
[WhiteFideId "13301314"]
[BlackFideId "14507943"]
[EventDate "2010.09.21"]
[EventType "team"]

1. d4 Nf6 2. c4 e6 3. Nc3 Bb4 4. Qc2 O-O 5. a3 Bxc3+ 6. Qxc3 d5 7. Bg5 h6 8.
Bxf6 Qxf6 9. Nf3 dxc4 10. Qxc4 Nc6 11. e4 Rd8 12. Rd1 Qg6 13. Qc2 a5 14. h4 Qf6
15. Qc3 Qf4 16. Qe3 Qxe3+ 17. fxe3 Ne7 18. Rc1 c6 19. Bd3 b6 20. Ke2 f6 21. Rc3
Ba6 22. Bxa6 Rxa6 23. g4 a4 24. g5 Ra5 25. gxf6 gxf6 26. e5 f5 27. Nd2 Rb5 28.
Nc4 Nd5 29. Rd3 Kh7 30. Rg1 Rg8 31. Rxg8 Kxg8 32. Kd2 c5 33. dxc5 Rxc5 34. Nd6 1/2-1/2

[Event "39th Olympiad Women"]
[Site "Khanty-Mansiysk RUS"]
[Date "2010.09.24"]
[Round "4"]
[White "Sargac, Rajna"]
[Black "Aginian, Nelly"]
[Result "0-1"]
[WhiteTitle "WIM"]
[BlackTitle "WGM"]
[WhiteElo "2192"]
[BlackElo "2282"]
[Board "9.4"]
[WhiteTeam "CRO"]
[BlackTeam "ARM"]
[WhiteFideId "14507250"]
[BlackFideId "13300628"]
[EventDate "2010.09.21"]
[EventType "team"]

1. f4 d5 2. e3 Nf6 3. Nf3 c5 4. b3 e6 5. Bb2 Be7 6. Bb5+ Bd7 7. Be2 Nc6 8. O-O
O-O 9. d4 Rc8 10. c3 Qb6 11. Bd3 c4 12. Bc2 cxb3 13. axb3 Ne4 14. Bxe4 dxe4 15.
Nfd2 f5 16. Nc4 Qc7 17. Ba3 b5 18. Ne5 b4 19. Bb2 Nxe5 20. fxe5 bxc3 21. Nxc3
Qb6 22. Na4 Qb7 23. Nc5 Bxc5 24. dxc5 Bb5 25. Rf2 Rxc5 26. Rd2 Rcc8 27. Rd6 Rfe8
28. Bd4 a6 29. b4 Qf7 30. Ra2 Bc4 31. Rd2 Bd3 32. Bc5 a5 33. Qa4 axb4 34. Rd7
Ra8 35. Rxf7 Rxa4 36. Rb7 Rc8 37. Bd6 h6 38. Rxb4 Rc1+ 39. Kf2 Rxb4 40. Bxb4 Rc4
41. Rb2 Kf7 42. Bd6 Kg6 43. Bf8 Rc7 44. Bd6 Rc1 45. Kg3 Re1 46. Bc5 Rc1 47. Bf8
Rc8 48. Bd6 Rc3 49. Bb4 Rc7 50. Bd6 Rf7 51. Rf2 Kh5 52. h4 Rb7 53. Bf8 Rf7 54.
Bd6 g5 55. hxg5 hxg5 56. Bc5 Rc7 57. Bd4 Rc4 58. Bb6 Rb4 59. Bc5 Rb3 60. Bd4 Bc4
61. Rc2 f4+ 62. Kf2 Bb5 63. Rc1 Kg4 64. Re1 Bd3 65. Ra1 Rb4 66. Bc3 Rc4 67. Rc1
Rc5 68. Bd2 Rxe5 69. Rc6 Rb5 70. exf4 gxf4 71. Kg1 Rb1+ 72. Kh2 e3 73. Ba5 e5
74. Rc5 f3 75. gxf3+ Kxf3 76. Rxe5 Be4 77. Re8 Rb2+ 78. Kg1 Rg2+ 79. Kh1 Ra2 80.
Bc3 Rc2 81. Bb4 Kf4+ 82. Kg1 Rc1+ 0-1

[Event "39th Olympiad Women"]
[Site "Khanty-Mansiysk RUS"]
[Date "2010.09.24"]
[Round "4"]
[White "Sedina, Elena"]
[Black "Peng, Zhaoqin"]
[Result "1/2-1/2"]
[WhiteTitle "IM"]
[BlackTitle "GM"]
[WhiteElo "2342"]
[BlackElo "2400"]
[Board "10.1"]
[WhiteTeam "ITA"]
[BlackTeam "NED"]
[WhiteFideId "812153"]
[BlackFideId "1004786"]
[EventDate "2010.09.21"]
[EventType "team"]

1. e4 c5 2. Nf3 e6 3. c3 d5 4. e5 Nc6 5. d4 Bd7 6. Be2 Nge7 7. Na3 cxd4 8. cxd4
Nf5 9. Nc2 Qa5+ 10. Bd2 Qb6 11. Bc3 Nb4 12. Nxb4 Bxb4 13. Bxb4 Qxb4+ 14. Qd2 a5
15. Rc1 1/2-1/2

[Event "39th Olympiad Women"]
[Site "Khanty-Mansiysk RUS"]
[Date "2010.09.24"]
[Round "4"]
[White "Bensdorp, Marlies"]
[Black "Zimina, Olga"]
[Result "0-1"]
[WhiteTitle "WIM"]
[BlackTitle "IM"]
[WhiteElo "2288"]
[BlackElo "2334"]
[Board "10.2"]
[WhiteTeam "NED"]
[BlackTeam "ITA"]
[WhiteFideId "1009311"]
[BlackFideId "4132190"]
[EventDate "2010.09.21"]
[EventType "team"]

1. d4 d5 2. c4 e6 3. Nf3 c6 4. e3 Nf6 5. Bd3 dxc4 6. Bxc4 Nbd7 7. O-O Bd6 8. Nc3
b5 9. Bd3 O-O 10. Qe2 Bb7 11. Rd1 Qe7 12. e4 e5 13. dxe5 Nxe5 14. Nxe5 Bxe5 15.
f4 Bd4+ 16. Kh1 b4 17. Nb1 c5 18. Nd2 h5 19. Rf1 Rad8 20. h3 Ng4 21. Bb1 Ne3 22.
Re1 Rfe8 23. Qxh5 Rd6 24. Qf3 Nf5 25. Nf1 Re6 26. a3 Bxe4 27. Bxe4 Rxe4 28. Rd1
Re2 29. g3 Rf2 0-1

[Event "39th Olympiad Women"]
[Site "Khanty-Mansiysk RUS"]
[Date "2010.09.24"]
[Round "4"]
[White "Brunello, Marina"]
[Black "Schut, Lisa"]
[Result "1/2-1/2"]
[WhiteTitle "WIM"]
[BlackTitle "WIM"]
[WhiteElo "2212"]
[BlackElo "2288"]
[Board "10.3"]
[WhiteTeam "ITA"]
[BlackTeam "NED"]
[WhiteFideId "822590"]
[BlackFideId "1019481"]
[EventDate "2010.09.21"]
[EventType "team"]

1. e4 c5 2. c3 d5 3. exd5 Qxd5 4. d4 e6 5. Nf3 Nf6 6. Be2 Nc6 7. O-O cxd4 8.
cxd4 Be7 9. Nc3 Qd6 10. Nb5 Qd8 11. Bf4 Nd5 12. Bg3 O-O 13. Bc4 a6 14. Bxd5 axb5
15. Be4 f5 16. Bxc6 bxc6 17. Be5 Qd5 18. Qc2 Bb7 19. a3 c5 20. dxc5 Qxc5 21.
Qxc5 Bxc5 22. Nd4 1/2-1/2

[Event "39th Olympiad Women"]
[Site "Khanty-Mansiysk RUS"]
[Date "2010.09.24"]
[Round "4"]
[White "Van Weersel, Arlette"]
[Black "De Rosa, Mariagrazia"]
[Result "1/2-1/2"]
[WhiteTitle "WIM"]
[BlackTitle "WFM"]
[WhiteElo "2174"]
[BlackElo "2073"]
[Board "10.4"]
[WhiteTeam "NED"]
[BlackTeam "ITA"]
[WhiteFideId "1009877"]
[BlackFideId "815136"]
[EventDate "2010.09.21"]
[EventType "team"]

1. e4 c5 2. Nf3 d6 3. d4 cxd4 4. Nxd4 Nf6 5. Nc3 a6 6. Bg5 e6 7. f4 Qc7 8. Bxf6
gxf6 9. Qd2 Nc6 10. O-O-O Bd7 11. Nb3 b5 12. a3 Rb8 13. e5 fxe5 14. Ne4 d5 15.
Nbc5 Nd4 16. Nf6+ Kd8 17. Nfxd7 Bxc5 18. Nxb8 Nb3+ 19. cxb3 Be3+ 20. Kb1 Bxd2
21. Nxa6 Qb6 22. Rxd2 Qxa6 23. fxe5 Qb6 24. Rc2 Kd7 25. Bd3 Rc8 26. Re2 h5 27.
Rf1 Ke8 28. g3 Rb8 29. Ref2 f5 30. exf6 Kf7 31. Be2 Rh8 32. Rf4 Rh6 33. Ka2 d4
34. Bd3 e5 35. Rf5 Qc5 36. Re1 Rxf6 37. Rfxe5 Qc6 38. Rxh5 Rf2 39. Rh7+ Kf8 40.
Rh8+ Kg7 41. Rh7+ 1/2-1/2

[Event "39th Olympiad Women"]
[Site "Khanty-Mansiysk RUS"]
[Date "2010.09.24"]
[Round "4"]
[White "Pham, Le Thao Nguyen"]
[Black "Kulovana, Eva"]
[Result "1/2-1/2"]
[WhiteTitle "WIM"]
[BlackTitle "WGM"]
[WhiteElo "2304"]
[BlackElo "2359"]
[Board "12.1"]
[WhiteTeam "VIE"]
[BlackTeam "CZE"]
[WhiteFideId "12401226"]
[BlackFideId "318779"]
[EventDate "2010.09.21"]
[EventType "team"]

1. d4 d5 2. Nf3 Nf6 3. c4 c6 4. e3 Bf5 5. Nc3 e6 6. Nh4 Be4 7. f3 Bg6 8. Qb3 Qb6
9. Nxg6 hxg6 10. Bd2 Nbd7 11. O-O-O Qxb3 12. axb3 Bd6 13. h3 Nh5 14. Bd3 Ng3 15.
Rhe1 O-O 16. Kb1 Rad8 17. Ne2 Nf6 18. Bc3 Rfe8 19. Bc2 Nfh5 20. e4 Nxe2 21. Rxe2
Ng3 22. Ree1 Bf4 23. Bd3 a6 24. Ba5 Rc8 25. Bb6 g5 26. Ka2 g6 27. b4 dxc4 28.
Bxc4 Nh5 29. Kb3 Nf6 30. d5 exd5 31. exd5 Rxe1 32. Rxe1 cxd5 33. Bd3 Re8 34.
Rxe8+ Nxe8 35. b5 axb5 36. Bxb5 Nd6 37. Bd3 Kf8 38. Bd4 Ke7 39. Kb4 Ke6 40. b3
Nf5 41. Bf2 Ke5 42. Kc3 Be3 43. Bxf5 Bxf2 1/2-1/2

[Event "39th Olympiad Women"]
[Site "Khanty-Mansiysk RUS"]
[Date "2010.09.24"]
[Round "4"]
[White "Nemcova, Katerina"]
[Black "Nguyen, Thi Mai Hung"]
[Result "1-0"]
[WhiteTitle "WGM"]
[BlackTitle "WIM"]
[WhiteElo "2283"]
[BlackElo "2258"]
[Board "12.2"]
[WhiteTeam "CZE"]
[BlackTeam "VIE"]
[WhiteFideId "322750"]
[BlackFideId "12401676"]
[EventDate "2010.09.21"]
[EventType "team"]

1. e4 c5 2. Nf3 Nc6 3. d4 cxd4 4. Nxd4 g6 5. c4 Nf6 6. Nc3 d6 7. Be2 Nxd4 8.
Qxd4 Bg7 9. O-O O-O 10. Qd1 Be6 11. Be3 Qa5 12. Rc1 Rfc8 13. b3 a6 14. f4 b5 15.
f5 Bd7 16. fxg6 hxg6 17. e5 dxe5 18. Rxf6 exf6 19. Qxd7 Rd8 20. Qh3 f5 21. Bg5
f6 22. Be3 Rac8 23. a4 Kf7 24. Qf3 e4 25. Qf2 Qb4 26. axb5 axb5 27. Nxb5 Qxb3
28. c5 Kf8 29. c6 Qb2 30. Bc5+ Ke8 31. Ba3 Qe5 32. Qa7 Bf8 33. c7 Rd2 34. Qb7
Qe6 35. Bxf8 Kxf8 36. Na7 Kg7 37. Nxc8 Rxe2 38. Ne7 Kh6 39. c8=Q Qa2 40. Qh8+
Kg5 41. Qh3 Qd2 42. Qg3+ Kh5 43. Qxg6+ 1-0

[Event "39th Olympiad Women"]
[Site "Khanty-Mansiysk RUS"]
[Date "2010.09.24"]
[Round "4"]
[White "Nguyen, Thi Thanh An"]
[Black "Havlikova, Kristyna"]
[Result "1-0"]
[WhiteTitle "WGM"]
[BlackTitle "WIM"]
[WhiteElo "2306"]
[BlackElo "2318"]
[Board "12.3"]
[WhiteTeam "VIE"]
[BlackTeam "CZE"]
[WhiteFideId "12400300"]
[BlackFideId "309672"]
[EventDate "2010.09.21"]
[EventType "team"]

1. Nf3 Nf6 2. g3 g6 3. Bg2 Bg7 4. d4 d5 5. O-O O-O 6. c4 dxc4 7. Na3 c3 8. bxc3
c5 9. Qb3 Nc6 10. Rd1 Na5 11. Qb2 Bd7 12. Ne5 Ba4 13. Rd3 Qc8 14. Bf4 Nh5 15.
Be3 Rd8 16. Rb1 Rb8 17. Qc1 Qe6 18. Rb2 Rbc8 19. Nf3 cxd4 20. Nxd4 Qa6 21. Rbd2
Re8 22. Qb2 Nf6 23. Nb3 b6 24. Bh3 e6 25. Nxa5 Qxa5 26. Rd4 Nh5 27. Nc4 Qa6 28.
Nd6 Bxd4 29. Bxd4 Rcd8 30. Nxe8 Bxe8 31. Bg2 Qa5 32. c4 Ng7 33. Bc3 Rxd2 34.
Qxd2 Qc5 35. Qd8 e5 36. Bd5 b5 37. Bxe5 bxc4 38. Qf6 Qf8 39. Bd6 Nh5 40. Qe5 1-0

[Event "39th Olympiad Women"]
[Site "Khanty-Mansiysk RUS"]
[Date "2010.09.24"]
[Round "4"]
[White "Olsarova, Tereza"]
[Black "Hoang, Thi Nhu Y"]
[Result "1-0"]
[WhiteTitle "WFM"]
[BlackTitle "WIM"]
[WhiteElo "2215"]
[BlackElo "2214"]
[Board "12.4"]
[WhiteTeam "CZE"]
[BlackTeam "VIE"]
[WhiteFideId "325449"]
[BlackFideId "12401455"]
[EventDate "2010.09.21"]
[EventType "team"]

1. e4 d5 2. exd5 Qxd5 3. Nc3 Qa5 4. d4 c6 5. Bd2 g6 6. Bc4 Bg7 7. Qe2 Qc7 8. Nf3
Nf6 9. Ne5 e6 10. O-O O-O 11. Rad1 Nd5 12. Rfe1 Nd7 13. Nf3 b6 14. Bg5 Bb7 15.
Qd2 Rfe8 16. Bh6 Bh8 17. Re2 Nxc3 18. bxc3 b5 19. Bd3 a6 20. Rde1 c5 21. Be4
Bxe4 22. Rxe4 Nf6 23. Rh4 Rac8 24. Bf4 Qa5 25. Be5 cxd4 26. Bxd4 Bg7 27. Ng5 Qd8
28. Qf4 Rc4 29. Rxh7 Rxd4 30. cxd4 Qe7 31. Rh3 Rc8 32. Qd2 Qc7 33. c3 Nd5 34.
Ne4 a5 35. a3 Qb6 36. Rb1 Rc4 37. Rd3 Bf8 38. Qg5 Qc6 39. Rh3 a4 40. Qh4 Bg7 41.
Qd8+ Bf8 42. Rh8+ 1-0

[Event "39th Olympiad Women"]
[Site "Khanty-Mansiysk RUS"]
[Date "2010.09.24"]
[Round "4"]
[White "Pokorna, Regina"]
[Black "Mamedjarova, Zeinab"]
[Result "0-1"]
[WhiteTitle "WGM"]
[BlackTitle "WGM"]
[WhiteElo "2370"]
[BlackElo "2234"]
[Board "13.1"]
[WhiteTeam "SVK"]
[BlackTeam "AZE"]
[WhiteFideId "14902052"]
[BlackFideId "13401521"]
[EventDate "2010.09.21"]
[EventType "team"]

1. e4 e5 2. Nf3 Nc6 3. d4 exd4 4. Nxd4 Bc5 5. Be3 Qf6 6. c3 Nge7 7. Bc4 Ne5 8.
Be2 Qg6 9. O-O d6 10. f3 O-O 11. Kh1 f5 12. Qb3+ Kh8 13. Nd2 f4 14. Bf2 a6 15.
a4 Bd7 16. a5 Rae8 17. Qc2 Ng8 18. b4 Ba7 19. c4 Nf6 20. Rfd1 Nh5 21. Nf1 Qg5
22. Qd2 Qh6 23. Nf5 Rxf5 24. Bxa7 Rg5 25. Bd3 Nxf3 26. gxf3 Bh3 27. Qf2 Bxf1 28.
Qh4 Bxd3 29. Rxd3 Ng3+ 30. hxg3 Rh5 31. Qxh5 Qxh5+ 32. Kg2 Rxe4 33. Bf2 Re2 34.
Re1 Qe8 35. Rxe2 Qxe2 36. Rd4 fxg3 37. Kxg3 Kg8 38. Re4 Qd2 39. c5 h5 40. cxd6
Qxd6+ 41. Kg2 b6 42. axb6 cxb6 43. Be1 Qg6+ 44. Kh2 Qf5 45. Kg2 a5 46. bxa5 bxa5
47. Re8+ Kf7 48. Ra8 a4 49. Bf2 Qg5+ 50. Kh3 Qf4 51. Ra7+ Kg8 52. Kg2 Qb4 53.
Bg3 Qb2+ 0-1

[Event "39th Olympiad Women"]
[Site "Khanty-Mansiysk RUS"]
[Date "2010.09.24"]
[Round "4"]
[White "Andersson, Christin"]
[Black "Makropoulou, Marina"]
[Result "0-1"]
[WhiteTitle "WIM"]
[BlackTitle "WGM"]
[WhiteElo "2113"]
[BlackElo "2230"]
[Board "14.2"]
[WhiteTeam "SWE"]
[BlackTeam "GRE"]
[WhiteFideId "1702947"]
[BlackFideId "4200187"]
[EventDate "2010.09.21"]
[EventType "team"]

1. e4 e5 2. Nf3 Nc6 3. Bc4 Bc5 4. c3 Nf6 5. d3 d6 6. Bg5 h6 7. Bh4 a6 8. Bb3 Ba7
9. Nbd2 Be6 10. Bxe6 fxe6 11. Qb3 Qc8 12. O-O-O b5 13. Bxf6 gxf6 14. Rdf1 Qd7
15. g4 Rg8 16. Rhg1 Ne7 17. h4 Ng6 18. g5 fxg5 19. hxg5 h5 20. Rh1 Nf4 21. Kd1
O-O-O 22. d4 c5 23. Rh4 c4 24. Qc2 Rdf8 25. dxe5 dxe5 26. Nxe5 Qd6 27. Nf3 e5
28. Kc1 Bb6 29. Kb1 Qe6 30. b3 cxb3 31. Qxb3 Qd6 32. c4 b4 33. Rc1 Bc5 34. Rh2
Rg7 35. Qc2 Ne2 36. Re1 Nc3+ 37. Kc1 Rgf7 38. Rxh5 Bxf2 39. Rh6 Qc7 40. g6 Bxe1
41. gxf7 Bxd2+ 42. Qxd2 Qxc4 43. Qe1 Qxf7 44. Qe3 Qc4 45. Kd2 Qxa2+ 46. Ke1 Qb1+
47. Kf2 Nd1+ 48. Ke2 Nxe3 49. Rxa6 Qf1+ 0-1

[Event "39th Olympiad Women"]
[Site "Khanty-Mansiysk RUS"]
[Date "2010.09.24"]
[Round "4"]
[White "Fakhiridou, Ekaterini"]
[Black "Frisk, Ellinor"]
[Result "1-0"]
[WhiteTitle "WIM"]
[BlackTitle "WFM"]
[WhiteElo "2208"]
[BlackElo "2113"]
[Board "14.3"]
[WhiteTeam "GRE"]
[BlackTeam "SWE"]
[WhiteFideId "4202848"]
[BlackFideId "1708481"]
[EventDate "2010.09.21"]
[EventType "team"]

1. e4 d5 2. exd5 Nf6 3. Bb5+ Nbd7 4. Nc3 a6 5. Be2 Nb6 6. Nf3 Nbxd5 7. Nxd5 Qxd5
8. d4 Bg4 9. O-O e6 10. c4 Qd6 11. Be3 c6 12. Ne5 Bxe2 13. Qxe2 Be7 14. Rfd1 O-O
15. Bf4 Qb4 16. Rd3 Qb6 17. Rad1 Rad8 18. c5 Qb5 19. Qc2 Nd5 20. a4 Nb4 21. Qb3
Nxd3 22. axb5 Nxf4 23. Qf3 Nd5 24. bxc6 f6 25. Nd3 bxc6 26. Qg4 f5 27. Qe2 Rf6
28. Ne5 Nb4 29. Qc4 a5 30. Ra1 Ra8 31. g3 Ra7 32. Re1 Rc7 33. Nf3 Nd5 34. Ng5
Rd7 35. Nxe6 Kf7 36. Ng5+ Kg8 37. Nf3 Rb7 38. Ne5 Rb4 39. Qa6 Rxd4 40. Nxc6 Bf8
41. Qb5 Rd2 42. Ne5 f4 43. Qxa5 Rxb2 44. Qd8 Rd2 45. Nd7 Rf7 46. Nxf8 Rxf8 47.
Qa5 Rc2 48. c6 Nf6 49. Qb5 Kh8 50. gxf4 h6 51. Re2 Rxe2 52. Qxe2 Ne8 53. Qe7 Kg8
54. f5 Nf6 55. Qxf8+ 1-0

[Event "39th Olympiad Women"]
[Site "Khanty-Mansiysk RUS"]
[Date "2010.09.24"]
[Round "4"]
[White "Klinova, Masha"]
[Black "Camacho, Chardine Cheradee"]
[Result "1/2-1/2"]
[WhiteTitle "IM"]
[BlackTitle "WFM"]
[WhiteElo "2303"]
[BlackElo "2186"]
[Board "15.1"]
[WhiteTeam "ISR"]
[BlackTeam "PHI"]
[WhiteFideId "2802015"]
[BlackFideId "5201829"]
[EventDate "2010.09.21"]
[EventType "team"]

1. e4 c5 2. Nf3 e6 3. c4 Nc6 4. Nc3 Nf6 5. Be2 d5 6. exd5 exd5 7. d4 Be6 8. Bg5
Be7 9. cxd5 Nxd5 10. Bxe7 Qxe7 11. O-O O-O 12. Re1 Nxc3 13. bxc3 cxd4 14. Nxd4
Nxd4 15. Qxd4 Rfd8 16. Qe3 Qc7 17. Bf3 Rab8 18. Qxa7 Qxc3 19. a4 Qd4 20. Qxd4
Rxd4 21. a5 Bd5 22. Bxd5 Rxd5 1/2-1/2

[Event "39th Olympiad Women"]
[Site "Khanty-Mansiysk RUS"]
[Date "2010.09.24"]
[Round "4"]
[White "Perena, Catherine"]
[Black "Igla, Bella"]
[Result "0-1"]
[WhiteTitle "WFM"]
[BlackTitle "WGM"]
[WhiteElo "2103"]
[BlackElo "2271"]
[Board "15.2"]
[WhiteTeam "PHI"]
[BlackTeam "ISR"]
[WhiteFideId "5202744"]
[BlackFideId "2806819"]
[EventDate "2010.09.21"]
[EventType "team"]

1. d4 Nf6 2. c4 g6 3. Nc3 Bg7 4. g3 O-O 5. Bg2 d6 6. Nf3 c6 7. O-O Bf5 8. h3 Ne4
9. Nd2 Nxc3 10. bxc3 Qc7 11. Re1 c5 12. Bb2 Nc6 13. Nb3 Rad8 14. e4 Bc8 15. Qe2
e5 16. dxc5 dxc5 17. Nxc5 Na5 18. Ba3 Rfe8 19. Bb4 Bf8 20. Nd3 Nxc4 21. Red1 Bh6
22. Nb2 Be6 23. Nxc4 Bxc4 24. Qc2 Be6 25. Bf1 a5 26. Ba3 Bf8 27. Bxf8 Rxf8 28.
Qb2 Qc6 29. Re1 Rd6 30. Rab1 b6 31. Re3 Rfd8 32. Rbe1 Rd2 33. Qa3 Rxa2 34. Qe7
Rdd2 35. Rf3 Qd6 36. Qe8+ Kg7 37. g4 Qc5 38. Qb5 Qxb5 39. Bxb5 a4 40. c4 a3 41.
Kg2 Rac2 42. Rxa3 Rxf2+ 43. Kg1 Rg2+ 44. Kh1 h5 45. gxh5 Rh2+ 46. Kg1 Bxh3 47.
Rg3 Kh6 48. hxg6 fxg6 49. Be8 Rhg2+ 50. Rxg2 Rxg2+ 51. Kh1 Rf2 52. Kg1 Rf8 53.
Bc6 Rf6 54. Bd5 Kg5 55. c5 bxc5 56. Rc1 Kh4 57. Rxc5 Rf1+ 58. Kh2 Rf2+ 59. Kg1
Kg3 60. Rc1 Rg2+ 61. Kh1 Bg4 62. Rg1 Rxg1+ 63. Kxg1 Bf3 64. Kf1 g5 65. Bc6 g4
66. Kg1 Kf4 67. Kf2 Bxe4 68. Bb5 Bf3 69. Bc4 g3+ 70. Kg1 Ke3 71. Bb5 e4 72. Ba6
Kf4 73. Bb5 e3 74. Kf1 Kg4 75. Bd7+ Kh4 76. Bb5 Kh3 0-1

[Event "39th Olympiad Women"]
[Site "Khanty-Mansiysk RUS"]
[Date "2010.09.24"]
[Round "4"]
[White "Docena, Jedara"]
[Black "Efroimski, Marsel"]
[Result "1-0"]
[BlackTitle "WFM"]
[WhiteElo "2033"]
[BlackElo "2244"]
[Board "15.4"]
[WhiteTeam "PHI"]
[BlackTeam "ISR"]
[WhiteFideId "5202361"]
[BlackFideId "2810964"]
[EventDate "2010.09.21"]
[EventType "team"]

1. e4 e6 2. Nc3 d5 3. Nf3 Nf6 4. e5 Nfd7 5. d4 c5 6. dxc5 Bxc5 7. Bd3 Nc6 8. Bf4
f6 9. exf6 Nxf6 10. Qe2 O-O 11. O-O-O Qa5 12. Kb1 Nb4 13. Be3 Nxd3 14. Qxd3 Bxe3
15. Qxe3 b5 16. Ne5 Bb7 17. f3 Rfe8 18. h4 b4 19. Ne2 d4 20. Nxd4 Nd5 21. Qg5
Qc7 22. Rhe1 a5 23. Ng4 Qb6 24. h5 Nc3+ 25. bxc3 bxc3+ 26. Qb5 Qc7 27. Nxe6 Rxe6
28. Rxe6 Ba6 29. Re8+ Kf7 30. Qd5+ Kxe8 31. Qg8+ 1-0